Integral calculus with sessionwise theory and exercise / Amit M. Agarwal. (Record no. 22347)

000 -LEADER
fixed length control field 00663nam a2200181 4500
020 ## - INTERNATIONAL STANDARD BOOK NUMBER
ISBN 9789325298668
082 ## - DEWEY DECIMAL CLASSIFICATION NUMBER
Classification number 515.33
Item number Ag261i 2021
100 ## - MAIN ENTRY--AUTHOR NAME
Personal name Agarwal, Amit M., author.
245 ## - TITLE STATEMENT
Title Integral calculus with sessionwise theory and exercise / Amit M. Agarwal.
260 ## - PUBLICATION, DISTRIBUTION, ETC. (IMPRINT)
Place of publication Meerut, UP :
Name of publisher Arihant Publications (India) Ltd.,
Year of publication 2021.
300 ## - PHYSICAL DESCRIPTION
Number of Pages 1 online resource, 308 pages :
Other physical details illustrations.
490 ## - SERIES STATEMENT
Series statement Skills in mathematics for jee main and advanced.
500 ## - GENERAL NOTE
General note Includes bibliographical references.
650 ## - SUBJECT ADDED ENTRY--TOPICAL TERM
Topical Term Integral calculus.
650 ## - SUBJECT ADDED ENTRY--TOPICAL TERM
Topical Term Mathematics-study and teaching.
650 ## - SUBJECT ADDED ENTRY--TOPICAL TERM
Topical Term Engineering entrance examinations.
942 ## - ADDED ENTRY ELEMENTS (KOHA)
Koha item type Electronic Books
Holdings
Source of acquisition Permanent Location Date acquired Collection code Koha item type Lost status Shelving location Withdrawn status Current Location Full call number
DonationCagayan State University - Carig Library2026-04-17E-BooksElectronic Books E-Resource Section Cagayan State University - Carig Library515.33 Ag261i 2021

Cagayan State University University Library, Carig Campus
Tuguegarao City, Cagayan 3500 | www.csucarig.edu.ph

Powered by Koha